000
00213 a2200097 4500
001
4992
100
_a
Hirschhorn,J
245
_a
Kinematics & dynamics of plane
260
_a
_b
McGraw hill
_c
090
_c
4168
_d
4168
942
_a
NUST-CAE
_c
M
_c
30454
999
_c
240065
_d
240065